Quiz sur l'Allier - Statistiques

Statistiques générales
  • Ce quiz a été pris 474 fois
  • Le résultat moyen est 14 sur 20
Statistiques - réponses
Question Réponse % Correct
Numéro du département 03
99%
Région Auvergne-Rhône-Alpes
98%
Préfecture Moulins
94%
Sous-préfecture et deuxième ville la plus peuplée Vichy
91%
Puy-de-Dôme
90%
Sous-préfecture et ville la plus peuplée Montluçon
83%
Creuse
77%
Loire
77%
Massif montagneux s'étendant sur le département. Massif Central
77%
Bonbon de forme octogonale de couleur blanche connue pour ses propriétés digestives, originaire du département. Pastille de Vichy
76%
Départements limitrophes Cher
73%
Nièvre
73%
Parc d'attractions et animalier basé sur la commune de Saint-Pourçain-sur-Besbre. Le Pal
72%
Saône-et-Loire
62%
Maroquinerie de luxe implantée à Saint-Pourçain-sur-Sioule et employant plus de 650 salariées dans la commune. Louis Vuitton
52%
Ressource exploitée depuis des siècles à Bourbon-l'Archambault et dans la deuxième ville de l'Allier notamment. Eau thermale
51%
Gentilé Bourbonnais
44%
Route mythique française qui traverse l'Allier et qui donne lieu aujourd'hui à une festivité rassemblant des centaines de véhicules anciens. Nationale 7
44%
Nombre d'habitants (arrondi à la dizaine de milliers d'habitants) 340 000 (337 171)
34%
Actrice ayant passé toute sa jeunesse dans l'Allier avant de tourner dans Da Vinci Code. Audrey Tautou
34%
Aucun quiz correspondant
Distribution des résultats
% des personnes avec chaque résultat
Percentile par nombre de réponses
Votre historique - résultats
Vous n’avez pas pris ce quiz